000 00719nam a2200241Ia 4500
008 100315s9999 xx 000 0 und d
020 _a0198285965 
040 _cENGLISH 
082 _b8084 
_a332.10952 
100 _a"Suzuki, Yoshio "
245 _aThe Japanese Financial System
260 _aNew York 
_bClarendon Press  
_c1987 
300 _a358 
365 _eRupees 
_d
_b0.00 
366 _f
505 _gRamakant Amar Navghare 
530 _bDonated By RBI Library  
620 _a"Japanese Financial System, Financial institutions, Finance. "
630 _aThe Japanese Financial System
650 _aFinance 
730 _aThe Japanese Financial System
942 _cBOOK
999 _c482819
_d482816